Flags of British Historic Counties Map Quiz - Statistics

General Stats
  • This quiz has been taken 44 times
    33 since last reset
  • The average score is 20 of 57
Answers on the Map
Answers color-coded by a green-red scale on the quiz's map according to % correct below.
 
Answer Stats
Answer % Correct
Cornwall
80%
Devon
73%
Somerset
60%
Sussex
60%
Lancashire
60%
Yorkshire
60%
Nottinghamshire
53%
Kent
53%
Dorset
53%
Norfolk
47%
Wiltshire
47%
Suffolk
40%
Warwickshire
40%
Rutland
40%
Cheshire
40%
Hampshire
40%
Northumberland
40%
Hertfordshire
40%
Durham
40%
Lincolnshire
40%
Shetland
33%
Middlesex
33%
Northamptonshire
33%
Oxfordshire
33%
Gloucestershire
33%
Buckinghamshire
33%
Berkshire
33%
Worcestershire
33%
Bedfordshire
33%
Leicestershire
33%
Essex
33%
East Lothian
33%
Cumberland
33%
Surrey
33%
Cambridgeshire
33%
Anglesey
27%
Derbyshire
27%
Kirkcudbrightshire
27%
Orkney
27%
Caithness
27%
Shropshire
27%
Westmorland
27%
Glamorgan
27%
Huntingdonshire
27%
Pembrokeshire
27%
Sutherland
27%
Morayshire
20%
Aberdeenshire
20%
Staffordshire
20%
Caernarfonshire
20%
Herefordshire
20%
Merionethshire
20%
Monmouthshire
20%
Berwickshire
13%
Flintshire
13%
Cardiganshire
13%
Banffshire
13%
No matching quizzes found
Score Distribution
Percent of People with Each Score
Percentile by Number Answered
Your Score History
You have not taken this quiz since the last reset